000 00420nam a2200145 4500
008 0 1997 0a 000 0Mex
020 _a968-880-942-X
050 _aTJ265 L39518 1997
082 _a621.402 L176f
100 _aLevenspiel, Octave
245 _aFundamentos de termodin mica / Octave Levenspiel
260 _aMéxico : Prentice - Hall
300 _axiv, 362 p. / 23 cm.
650 _a1.TERMODINAMICA
999 _c18826
_d18826